Quizzes
Events
Quiz Creation
Community
Videos
Private Events
Remove Ads
Sign In
Join for FREE
Feedback
Dark Mode
Quiz Categories
Sports
Geography
Music
Movies
Television
Just For Fun
Miscellaneous
History
Literature
Language
Science
Gaming
Entertainment
Religion
Holiday
For Kids
Quiz Lab
Recent
Popular Today
Quiz Kudos Today
Editor Picks
Curator Picks
Quizzes by...
Day
Popularity
Type
Ratings
Length
Year
Community
Subscriptions
Recent Discussions
Orange Saloon
Badges
Playlists
Quests
Create
Leaderboards
Showdown
Live 5
Trivia Bingo
Activity
Puzzle Library
Sporcle Events
Private Events
Virtual Trivia
Globe League
Become a Host
Pub Owners
SporcleCon
Opinionation
Our Games
Videos
Blog
Mobile Apps
Partnerships
Remove Ads and Go Orange
Feedback
Sports
Athletes
MLB
NBA
NHL
NFL
Soccer
Sports Teams
WWE
NCAA
Football
Premier League
Basketball
Baseball
Hockey
Golf
Tennis
Cricket
Rugby
Auto Racing
Olympics
World Cup
Sports
Athletes
MLB
NBA
NHL
NFL
Soccer
Sports Teams
WWE
NCAA
Football
Premier League
Basketball
Baseball
Hockey
Golf
Tennis
Cricket
Rugby
Auto Racing
Olympics
World Cup
Random Quiz
Search Sporcle
×
Quiz Lab
Quiz Lab
Sports
Wrestlemania
Type in answers that appear in a list
Type in answers that appear in a list
Classic
Best Score? Go Orange.
Complete the Card: WrestleMania XV Stats
Can you name the wrestlers who competed at the WrestleMania pay-per-view in 1999?
By
SporcleEXP
3m
25 Questions
717 Plays
717 Plays
717 Plays
Comments
Comments
Give Quiz Kudos
Give Quiz Kudos
-
- Ratings
hide this ad
More Info
Replay
Link that replays current quiz
Next Quiz
Link to next quiz in quiz playlist
You Got
0%
They Got
Avg Score
91%
Avg Friend Score
Upgrade to see
Score Distribution
Jump to the score distribution portion of the page
Score
0/25
Timer
03:00
0
Plays Today
Match Type
Wrestler
% Correct
Match 10 -
No Disqualification Match for the WWF Championship
The Rock
98.2%
Match 10 -
No Disqualification Match for the WWF Championship
Steve Austin
98.2%
Match 9 -
Hell in a Cell Match
The Undertaker
98%
Match 4 -
Singles Match to Become the Special Guest Referee of the Main Event.
Mankind
97.3%
Match 1 -
Triple Threat Hardcore Match for the WWF Hardcore Championship
Billy Gunn
97.1%
Match 3 -
Brawl for All Match
Bart Gunn
95.7%
Match 5 -
4 Corners Elimination Match for the WWF Intercontinental Championship
Road Dogg
95.5%
Match 6 -
Singles Match
Kane
95.4%
Match 8 -
Singles Match for the WWF European Championship
X-Pac
94.4%
Match 6 -
Singles Match
Triple H
94.1%
Match 9 -
Hell in a Cell Match
Big Boss Man
93.3%
Match 1 -
Triple Threat Hardcore Match for the WWF Hardcore Championship
Hardcore Holly
93.2%
Match 3 -
Brawl for All Match
Butterbean
92%
Match Type
Wrestler
% Correct
Match 4 -
Singles Match to Become the Special Guest Referee of the Main Event.
Big Show
91.9%
Match 7 -
Singles Match for the WWF Women's Championship
Sable
91.5%
Match 8 -
Singles Match for the WWF European Championship
Shane McMahon
90.2%
Match 5 -
4 Corners Elimination Match for the WWF Intercontinental Championship
Ken Shamrock
90.1%
Match 1 -
Triple Threat Hardcore Match for the WWF Hardcore Championship
Al Snow
89.7%
Match 2 -
Tag Team Match for the WWF Tag Team Championship
Owen Hart
89.1%
Match 2 -
Tag Team Match for the WWF Tag Team Championship
D'Lo Brown
88%
Match 5 -
4 Corners Elimination Match for the WWF Intercontinental Championship
Val Venis
87.3%
Match 2 -
Tag Team Match for the WWF Tag Team Championship
Jeff Jarrett
87.2%
Match 5 -
4 Corners Elimination Match for the WWF Intercontinental Championship
Goldust
83.4%
Match 2 -
Tag Team Match for the WWF Tag Team Championship
Test
83%
Match 7 -
Singles Match for the WWF Women's Championship
Tori
79.1%
Quiz Playlist
Details
Report
Send in Message
Add To Playlist
More Info:
Guess only the wrestlers who competed at this event (do not guess commentators, valets, managers, etc...). This doesn't include dark matches.
Classic:
Type in answers that appear in a list
Quiz Source
Last Updated: Feb 16, 2017
Quiz Scoreboard
CHALLENGE
Sign Up to Join the Scoreboard
Show All
Scores
Hide
Comments
May contain spoilers
Recently Published
9x9 Crossword: Cartoon Network
by jackfrog10
Miscellaneous
3m
College Basketball Coaching Resumes
by pancakes188
Sports
9m
Billboard Blitz: Fleetwood Mac
by CooCooCachoo
Music
15s
More to Explore
Quiz From the Vault
Featured Blog Post
Where Did the Easter Bunny Come From?
hide this ad
You Might Also Like...
Tags
1999
Competed
complete
Matching
Pay-per-view
Wrestlemania
Wrestlers
Today's Top Quizzes in Sports
Browse Sports
hide this ad
Today's Top Quizzes in Wrestlemania
Browse Wrestlemania
Top Contributed Quizzes in Sports
1
2022 World Cup Stars
2
Les meilleurs buteurs des matchs entre le PSG et l’OM
3
FIFA Club World Cup Champions
4
Les entraîneurs de l'OM et du PSG au 21e siècle
5
Criteria MLB: Left Handed Sluggers
6
AFC Teams Reveal (Wrong Answers Minefield)
7
2023 MLB Unique Player Accomplishments
8
5-to-1: FBS Animal Nicknames
9
Players with Multiple 50 Home Run Seasons
10
5-to-1: UK Sports Teams
Explore More
Trending Topics
Crossword
Kpop
NBA
Disney
Anime
Marvel
Harry Potter
Pokémon
Soccer
Country
Song
WWE
NFL
The Office
Puzzle
hide this ad
More By:
SporcleEXP
Quiz
Plays
Rating
Category
Featured
Created
Harry Potter Deaths in Order Minefield
3,068,489
4.18
Literature
Jan 27, 2016
Sins, Dwarfs, and Spice Girls
847,285
4.42
Just For Fun
Apr 11, 2012
Ancient History Bunker
708,187
4.28
History
Jan 20, 2014
Movie Posters VI
679,042
4.37
Movies
Nov 12, 2010
Movie Posters VII
621,869
4.44
Movies
Apr 16, 2011
Go to Creator's Profile
Score Distribution
Quiz Creator Spotlight
SporcleEXP
Follow
Send a Message
Quizzes Created
-
Created Quiz Play Count
-
More By This Creator
Popular Quizzes Today
1
Find the US States - No Outlines Minefield
2
Find the Countries of Europe - No Outlines Minefield
3
The Countries of the World
4
Find the US States
5
Risky Map Clicking: Biggest States A-Z
6
US States
7
Popular People in 1961
8
Movies - When Are They Set?
More Sports Quizzes
NCAA Cardinal Direction Schools (FBS)
Published
Trending Quizzes
Risky Map Clicking: Least Populous States A-Z
1-10 Letter G Words
1-10 Letter F Words
Risky Map Clicking: Next State Alphabetically
Adjectives in 80s TV Shows
Recently Updated
Leaping Animals
pecheneg
Reality TV Shows (A-Z)
bhenderson79
Rickey Henderson's Hall of Fame Teammates
pecheneg
Champions League XIs: Arsenal
pecheneg
Quick Pick: Celebrities in WWE's Hall of Fame
aduchscher
A-Z Keypad Blitz II
pecheneg
Multiple Oscar Actors
pecheneg
Mystery Phrase Blitz: Oscar 'Best Actors'
pecheneg
F. Scott Fitzgerald Novels
LTH
Pick 3 Villains
ddd62291
Trending Topics
Harry Potter
Anime
NBA
Kpop
Crossword
Disney
Marvel
Soccer
Country
Puzzle
NFL
Pokémon
WWE
Song
The Office
Your Account Isn't Verified!
In order to create a playlist on Sporcle, you need to verify the email address you used during registration. Go to your
Sporcle Settings
to finish the process.
Report this User
Report this user for behavior that violates our
Community Guidelines
.
Details:
Send Report
Go to the Sporcle.com Mobile Site →
Comments